000 00551nam a2200169 a 4500
008 080109s1977 ||||||||||||||||| || u
050 _aHD 38 End
100 _aEnds, Earl J
245 1 0 _aOrganizational team building
260 _aCambridge, Mass.
_bWinthrop
_c[1977]
300 _axvi, 206p. : ill.
350 _a0.00
650 0 _aMANAGEMENT
650 _aORGANIZATION
650 _aTEAM BUILDING
995 _D0.00
_FCBU-MAIN LIBRARY (Kitwe)
_H1
_I0.00
_M1
_UDAMAGED
_ZMain Library Open Access Collection
999 _c52901
_d52901